Catalog

Record Details

Catalog Search



Sunshine & shadow : a novel #2 / by Lisa Kay ... Read More

Smith, Dale, 1932-(Added Author).

Available copies

  • 1 of 1 copy available at LARL/NWRL Consortium.

Current holds

0 current holds with 1 total copy.

Show Only Available Copies
Location Call Number / Copy Notes Barcode Shelving Location Status Due Date
Grygla LINK Site HAU (Text) 35500003619432 Main Available -

Record details

  • ISBN: 1886864071 (pbk.)
  • ISBN: 1886864047 (hc)
  • Physical Description: 340 p. ; 20 cm.
  • Publisher: Tacoma, WA : Golden Anchor Press, c2002.

Content descriptions

General Note:
Sequel to: Turn back time.
Subject: Child abuse > Fiction.
Coal miners > Kentucky > Fiction.
Depressions > 1929 > United States > Fiction.
Wife abuse > Fiction.
Muhlenberg County (Ky.) > Fiction.
LDR 01077cam a2200301Ia 4500
00159819
003LARL_NWRL_CONSORTIUM
00520050201065753.0
008021001s2002 wau 000 f eng d
020 . ‡a1886864071 (pbk.)
020 . ‡a1886864047 (hc)
043 . ‡an-us-ky ‡an-us---
1001 . ‡aHauser, Lisa Kay. ‡0(LARL_NWRL_CONSORTIUM)219557
24510. ‡aSunshine & shadow : ‡ba novel ‡n#2 / ‡cby Lisa Kay Hauser & Philip Dale Smith.
24630. ‡aSunshine and shadow
260 . ‡aTacoma, WA : ‡bGolden Anchor Press, ‡cc2002.
300 . ‡a340 p. ; ‡c20 cm.
4900 . ‡aStoneworth chronicles ; ‡v2.
500 . ‡aSequel to: Turn back time.
650 0. ‡aChild abuse ‡vFiction. ‡0(LARL_NWRL_CONSORTIUM)164522
650 0. ‡aCoal miners ‡zKentucky ‡vFiction.
650 0. ‡aDepressions ‡y1929 ‡zUnited States ‡vFiction.
650 0. ‡aWife abuse ‡vFiction.
651 0. ‡aMuhlenberg County (Ky.) ‡vFiction.
7001 . ‡aSmith, Dale, ‡d1932- ‡0(LARL_NWRL_CONSORTIUM)121581
901 . ‡a59819 ‡bISxN ‡c59819 ‡tbiblio

Additional Resources